THE ORIGINAL SURVEY (Record no. 4526)

MARC details
000 -LEADER
fixed length control field 00385nam a22001577a 4500
008 - FIXED-LENGTH DATA ELEMENTS--GENERAL INFORMATION
fixed length control field 260210b |||||||| |||| 00| 0 eng d
020 ## - INTERNATIONAL STANDARD BOOK NUMBER
ISBN 9780367405472
100 ## - MAIN ENTRY--AUTHOR
Author WILSON, A. DONALD
245 ## - TITLE STATEMENT
Title THE ORIGINAL SURVEY
260 ## - PUBLICATION, DISTRIBUTION, ETC. (IMPRINT)
Place of publication BOCA RATON
Name of publisher CRC PRESS
Date of publication 2022
300 ## - COLLATION
Pagination XXI,519p.
Other physical details illus
650 ## - TRACINGS
Main Subject surveying
942 ## - ADDED ENTRY ELEMENTS (KOHA)
Item type Books
050 ## - LIBRARY OF CONGRESS CALL NUMBER
Classification number TA592
Item number .W55
Holdings
Source of classification or shelving scheme Not for loan Permanent location Current location Date acquired Accession No. Full call number Barcode. Copy number Koha item type
Library of Congress Classification   Samuel Ogbemudia Main Library, University of Abuja Samuel Ogbemudia Main Library, University of Abuja 02/10/2026 2024/624612 TA592 .W55 2026-0014 2 Books